00548nam a22001217a 4500008004100000040005500041080002700096245019200123260005400315300001700369650001200386700002800398230502b |||||||| |||| 00| 0 eng d aNational Science LibrarycNational Science Library a535.375.54(082.2) bK9 aLight scattering spectra of solids c/ Proceedings of the International Conference on light scattering spectra of solids held at: New York University, New York, September 3, 4, 5, 6, 1968 aNew York: bSpringer-Verlag New York Inc., c1969 axviii, 763p. aScience aWright, George B (Ed.)